000
00194 a2200097 4500
001
2076
100
_a
Donashall, C
245
_a
Tool design
260
_a
_b
Mc Graw Hill
_c
090
_c
1532
_d
1532
942
_a
NUST-CAE
_c
M
_c
5914
999
_c
237149
_d
237149